000 01127nam a2200289 4500
001 0000022182
003 CO-CtgCURN
005 20250513145711.0
008 160627s1992 000 0 eng d
020 _a8482725068
040 _aCO-CtgCURN
_bspa
_ccoctgcurn
082 0 _a344.8861
_bY67r
100 1 _aYounes Moreno, Diego.
245 1 4 _aLas reformas del Estado y de la Administración publica /
_cDiego Younes Moreno.
260 _aBogotá :
_bTemis,
_c1992.
300 _a170 p.
336 _2rdacontent
337 _2rdamedia
_asin mediacion
_bn
338 _2rdacarrier
_avolumen
_bnc
500 _aIncluye indice.
504 _aBibliografia (p. 169-170)
505 8 _aLa reforma constitucional de 1936.--La comision nacional para la reforma de la Administración publica.--Los grandes cambios institucionales de 1968.--Las reformas de la decada de 1970.--La descentralizacion territorial balance y perspectivas
650 0 _aDerecho administrativo
_zColombia.
908 _a160627
942 _cBK
_h344.8861
_iY67r
_2ddc
_n0
999 _c19713
_d19713